Statistics for All Rod Wave Songs

Click here to take the quiz!

General Stats

  • This quiz has been taken 954 times
    (333 since last reset)
  • The average score is 59 of 179

Answer Stats

AlbumSong% Correct
Hunger GamesF**k It
82%
NostalgiaNostalgia
75%
PTSDHeart on Ice
71%
NostalgiaCall Your Friends
69%
NostalgiaHG4
69%
Nostalgia2018
68%
NostalgiaGreat Gatsby
68%
NostalgiaLong Journey
68%
NostalgiaFight the Feeling
67%
Beautiful MindAlone
66%
NostalgiaBoyz Don't Cry
66%
NostalgiaCome See Me
66%
SoulFlyStreet Runner
64%
SoulFlyTombstone
64%
NostalgiaTurks & Caicos
64%
SoulFly2019
61%
NostalgiaCheckmate
61%
Beautiful MindCold December
61%
Pray 4 LoveRags2Riches
61%
SoulFlySoulFly
60%
Pray 4 LovePray 4 Love
56%
PTSDPTSD
56%
NostalgiaCrazy
55%
Ghetto GospelGreen Light
55%
Pray 4 LoveDark Clouds
53%
Pray 4 LoveLetter from Houston
53%
NostalgiaBack Lit
52%
PTSDPaint the Sky Red
52%
NostalgiaLove for a Thug
51%
Pray 4 LoveF**k the World
50%
Beautiful MindForever
50%
NostalgiaLove Story/Interlude
50%
NostalgiaRap Beef
50%
SoulFlyRicher
50%
Beautiful MindSweet Little Lies
50%
Beautiful MindBy Your Side
48%
Ghetto GospelChip On My Shoulder
48%
Pray 4 LoveGirl of My Dreams
48%
NostalgiaKeep It G
48%
Beautiful MindYungen
48%
Ghetto GospelPoison
47%
Ghetto GospelCuban Links
46%
Jupiter's Diary: 7 Day TheoryJupiter's Diary
45%
Jupiter's Diary: 7 Day TheoryLove Overdose
45%
Ghetto GospelAbandoned
44%
SoulFlyChanging
44%
Beautiful MindNever Get Over Me
44%
Beautiful MindNo Deal
44%
NostalgiaPass You By
44%
Ghetto GospelSky Priority
44%
Ghetto GospelDark Conversations
43%
Beautiful MindMarried Next Year
43%
SoulFlyGone Till November
42%
Hunger Games 3Heart 4 Sale
42%
Pray 4 LoveThe Greatest
42%
Beautiful MindPieces
41%
PTSDPopular Loner
41%
Jupiter's Diary: 7 Day TheoryBreak My Heart
40%
Jupiter's Diary: 7 Day TheoryMJ Story
40%
Beautiful MindStone Rolling
40%
SoulFlyOMDB
39%
Ghetto GospelBrace Face
38%
SoulFlyAlready Won
37%
SoulFlyBlame On You
37%
Pray 4 LoveFreestyle
37%
Beautiful MindBetter
36%
Pray 4 LoveRibbon in the Sky
36%
SoulFlyWhat's Love??
36%
SoulFlyDon't Forget
34%
Beautiful MindEverything
34%
SoulFlyWhat's Wrong
34%
Ghetto GospelClose Enough to Hurt
33%
Jupiter's Diary: 7 Day TheoryGot It Right
33%
Jupiter's Diary: 7 Day TheoryJust Sing
33%
Beautiful MindMafia
33%
Hunger Games 3Red Light
33%
SoulFlyTime Heals
33%
PTSDBottom Boy Survivor
32%
SoulFlyCalling
32%
Beautiful MindFading
32%
PTSDHow Would You Feel
32%
Beautiful MindMe vs. the World
32%
SoulFlyMoving On
32%
Beautiful MindQuiet Storm
32%
Beautiful MindRockstar Heart
32%
Hunger Games 3Weight on My Shoulders
32%
SoulFlyGet Ready
31%
Beautiful MindI Know It
31%
Beautiful MindKeep Going
31%
Beautiful MindNever Find Us
31%
Beautiful MindTime Kills
31%
Pray 4 Love5% Tints
30%
Ghetto GospelCounted Steps
30%
Single #3Forever Set in Stone
30%
Pray 4 LoveI Remember
30%
SoulFlyPills & Billz
30%
Ghetto GospelSoldier Life
30%
Pray 4 LoveThief in the Night
30%
Ghetto GospelTitanic
30%
Jupiter's Diary: 7 Day TheoryDon't Need
29%
Pray 4 LoveThrough the Wire
29%
SoulFlyAll I Got
28%
SoulFlyEscape
28%
Pray 4 LoveSmile
28%
SoulFlySneaky Links
28%
Jupiter's Diary: 7 Day TheoryThe Answer Is No
28%
Beautiful MindDruski Phone Skit
27%
SoulFlyInvisible Scar
27%
SoulFlyIon Wanna Hear It
27%
Pray 4 LoveNo Weakness
27%
Pray 4 LoveRoaming
27%
Pray 4 LoveThug Life
27%
SoulFlyBelieve Me
26%
PTSDCalabasas
26%
PTSDHard Times
26%
SoulFlyHow the Game Go
26%
SoulFlyLosing My Cool
26%
Pray 4 LoveThug Motivation
26%
Hunger GamesHunger Games
25%
Hunger Games 2Jan2Jan
25%
Beautiful MindPt. II
25%
SoulFlyTake the Blame
25%
Pray 4 LoveAin't Mad at You
24%
Pray 4 LoveFire & Desire
24%
Hunger Games 3My Love
24%
SoulFlyShock Da World
24%
Hunger Games 3Yessir
24%
Pray 4 LoveFrFr
23%
SingleMisunderstood
23%
PTSDNo Love
23%
Pray 4 LoveSack Right
23%
Pray 4 LoveTo My Grave
23%
PTSDTrue Story
23%
Ghetto GospelExtra
22%
Hunger Games 2Tomorrow
22%
Hunger Games 3Feel the Same
21%
Rookie of the YearRookie of the Year
21%
Hunger Games 2Valid
21%
Hunger Games 3Numb
20%
PTSDATR for Life
19%
Hunger Games 2Boom
19%
Ghetto GospelHeart on Ice (Remix)
19%
PTSDProud of Me
19%
Pray 4 LoveRags2Riches 2
19%
Hunger Games 2WYB
19%
Hunger Games 3Can't Sleep
18%
Pray 4 LoveOut My Business
18%
Hunger Games 3Let Me Down
17%
Hunger Games 2Changing On Me
16%
Hunger Games 2Thug Love
16%
Hunger Games 3Having My Way
15%
Hunger Games 2I Get Around
15%
Hunger Games 3Pressure
15%
Hunger Games 3So Many
15%
Single #2And I Still
14%
Hunger GamesGambling
14%
Hunger GamesHeartbreak Hotel
14%
Rookie of the YearDear Wave
9%
Rookie of the YearJumanji
9%
Hunger GamesFree da Guys
8%
Hunger GamesThink Too Much
8%
Hunger GamesUnder$tand
8%
Rookie of the Year50 Shades
7%
Hunger GamesCalvin Cambridge
7%
Hunger GamesCourt Date
7%
Hunger GamesMike Tyson
7%
Rookie of the YearFtcu
6%
Rookie of the YearJust Saying
6%
Hunger Games 2Praying Godmothers
6%
Rookie of the YearPull Up
6%
Hunger Games 2Way Up
6%
Hunger GamesGo Nuts
5%
Hunger GamesIamwave
5%
Rookie of the YearNothing to Something
5%
Hunger GamesUsed To
5%
Hunger GamesBallet of a Dead Soldier
3%
Hunger GamesFeds List
3%
Hunger GamesMars
3%
Single #4Sorrow
2%

Score Distribution

Percentile by Number Answered

Percent of People with Each Score

Your Score History

You have not taken this quiz since the last reset